ODD John (Record no. 186048)
[ view plain ]
| 000 -LEADER | |
|---|---|
| fixed length control field | 00929 a2200157 4500 |
| 003 - CONTROL NUMBER IDENTIFIER | |
| control field | Nust |
| 005 - DATE AND TIME OF LATEST TRANSACTION | |
| control field | 20230126115729.0 |
| 040 ## - CATALOGING SOURCE | |
| Transcribing agency | Nust |
| 082 ## - DEWEY DECIMAL CLASSIFICATION NUMBER | |
| Classification number | 824,STA |
| 100 ## - MAIN ENTRY--PERSONAL NAME | |
| Personal name | Stapledon,Olaf |
| 9 (RLIN) | 107745 |
| 245 ## - TITLE STATEMENT | |
| Title | ODD John |
| Remainder of title | A story Between Jest and Earnest / |
| Statement of responsibility, etc. | Olf Stapledon |
| 260 ## - PUBLICATION, DISTRIBUTION, ETC. | |
| Place of publication, distribution, etc. | London |
| Name of publisher, distributor, etc. | Methuen And Co |
| 300 ## - PHYSICAL DESCRIPTION | |
| Extent | 535:p |
| 505 ## - FORMATTED CONTENTS NOTE | |
| Formatted contents note | John and the Author (Page-1), The First Phase (Page-6), Enfant Terrible (Page-17), John and his Elders (Page-28), Thought and Action (Page-41), Many Inventions (Page-55), Financial Ventures (Page-67), Scandalous Adolescence (Page-76), The World Plight (Page-99) Strange Encounters (Page-124), John in the Wilderness (Page-134), John Seeks his Kind (Page-151), Engineering Problems (Page-167), Jacqueline (Page-174), Adlan (Page-186), The Skid’s first Voyage (Page-208), The Colony in Being (Page-232), The Beginning of the End (Page-254), The End (Page-276). |
| 942 ## - ADDED ENTRY ELEMENTS (KOHA) | |
| Source of classification or shelving scheme | |
| Koha item type | Book |
| Withdrawn status | Lost status | Source of classification or shelving scheme | Damaged status | Not for loan | Permanent Location | Current Location | Shelving location | Date acquired | Full call number | Barcode | Date last seen | Price effective from | Koha item type | Public note |
|---|---|---|---|---|---|---|---|---|---|---|---|---|---|---|
| Military College of Signals (MCS) | Military College of Signals (MCS) | General Stacks | 12/12/2016 | 824,STA | MCS29906 | 12/08/2016 | 12/12/2016 | Book | Almirah No.58, Shelf No.1 |
